On the clean road again (Record no. 64373)
[ view plain ]
| 000 -LEADER | |
|---|---|
| fixed length control field | 01317nam a22003494a 4500 |
| 082 04 - DEWEY DECIMAL CLASSIFICATION NUMBER | |
| Classification number | 662/.88 |
| 100 1# - MAIN ENTRY--AUTHOR NAME | |
| Personal name | Nelson, Willie, |
| 245 10 - TITLE STATEMENT | |
| Title | On the clean road again |
| 260 ## - PUBLICATION, DISTRIBUTION, ETC. (IMPRINT) | |
| Place of publication | Golden, Colo. : |
| Name of publisher | Fulcrum Pub., |
| Year of publication | c2007. |
| 300 ## - PHYSICAL DESCRIPTION | |
| Number of Pages | 91 p. |
| 490 1# - SERIES STATEMENT | |
| Series statement | Speaker's corner books |
| 650 #0 - SUBJECT ADDED ENTRY--TOPICAL TERM | |
| Topical Term | Biodiesel fuels |
| Topical Term | Vegetable oils as fuel |
| 856 40 - ELECTRONIC LOCATION AND ACCESS | |
| Uniform Resource Identifier | http://site.ebrary.com/lib/rucke/Doc?id=10298274 |
No items available.
